01464cam a22003855a 4500020001800000020001500018020001800033020001500051020001800066020001500084040000800099082002600107245008400133246001300217246004000230260005500270300001000325500024800335520012000583650003100703650001300734650004300747650002400790650002400814650002200838650001900860650001300879650002200892650002200914650002000936700002300956700002400979710004201003710003301045 a9780985248314 a0985248319 a9780985248321 a0985248327 a9780985248338 a0985248335 cDLC a822 POT 2012 A097 Or.00a#Cyberdoc :bno borders - no boundaries : national doctrine for the cyber era /30aCyberdoc30aNational doctrine for the cyber era aArlington, VA :bPotomac Institute Press,cİ2012. apages aDiscussion papers and final report from the Battelle Doctrine Project conference held at The Founders Inn, Virginia Beach, Virginia, on June 7-10, 2012, sponsored by the Battelle Memorial Institute and the Potomac Institute for Policy Studies. aIntended to promote a debate on a national-level doctrine for the cyber era, and what it should entail.--Publisher. 0aComputers and civilization 0aInternet 0aCyber intelligence (Computer security) 0aCyberinfrastructure 0aInformation warfare 0aNational security 0aCyberterrorism 0aSabotage 0aComputer security 0aComputer networks 0aData protection1 aSample, Timothy R.1 aSwetnam, Michael S.2 aPotomac Institute for Policy Studies.2 aBattelle Memorial Institute.